| 000 | 00722nam a2200169Ia 4500 | ||
|---|---|---|---|
| 008 | 090711s9999 xx 000 0 und d | ||
| 082 | _b51603 | ||
| 100 | _aहिवराळे सुखराम | ||
| 245 | _aलोकपत्रकार डॉ. बाबासाहेब आंबेडकर | ||
| 260 |
_bप्रचार प्रकाशन _c1985 |
||
| 300 | _a154 | ||
| 600 | _aहिवराळे सुखराम | ||
| 630 | _aलोकपत्रकार डॉ. बाबासाहेब आंबेडकर | ||
| 700 | _aहिवराळे सुखराम | ||
| 730 | _aलोकपत्रकार डॉ. बाबासाहेब आंबेडकर | ||
| 942 | _cBOOK | ||
| 999 |
_c329432 _d329432 |
||